Zgadnij imię mojego pieska - - Statystyki

Ogólne statystyki
  • Ten quiz został rozwiązany 34 razy
  • Średni wynik to 4 z 6
Answers on the Grid
Answers color-coded by a green-red scale on the quiz's grid according to % correct below.
Pieseł
Pimpek
Reksio
Ciapek
Chmurka
Mimek
Kokek
Tofik
Atton
Atos
Koteł
Fortek
Rufik
Rudi
Tableteczka
Pazurek
Kapibarek
Polaczek
Król
Diego
Rudi
Rudi
Rudusiek
Ruduś
Rudzia
Udinek
Tinek
Trutek
 
Statystyki odpowiedzi
Odpowiedź % Poprawnych
Rudi
87%
Rudi
65%
Rudi
65%
Ruduś
65%
Rudzia
65%
Rudusiek
57%
Nie znaleziono quizów pasujących do podanych kryteriów
Rozkład punktacji
Procent ludzi z każdym wynikiem
Percentyl według liczby udzielonych odpowiedzi
Twoja historia wyników
Nie rozwiązałeś tego quizu